000 00806nam a2200229Ii 4500
003 JO-AjNU
008 230605s9999||||xx |||||||||||||| ||und||
017 _a2020/6/2036
020 _a978-9957-35-427-2
040 _aJO-AjNU
_bara
_erda
_cJO-AjNU
041 _aara
050 1 4 _aDT95.5 2022
100 3 _aالجابري، سلام علي مزعل,
_eauthor
_962747
245 0 0 _aملكات البلاط الأيوبي: ضيفة خاتون وشجر الدر خاتون
250 _aط1
264 3 1 _aعمان: مركز الكتاب الاكاديمي، 2022
300 _a126ص
336 _atext
_btxt
_2rdacontent
337 _aunmediated
_bn
_2rdamedia
338 _avolume
_bnc
_2rdacarrier
650 4 _aالملكات-ايوييوحلب1193-1260-الدولة الايوبية1174-1253
_962748
999 _aA28428
_c31996
_d31996